Destinations from Manila - Statistics

General Stats
  • This quiz has been taken 10 times
  • The average score is 29 of 61
Answer Stats
No Region Destination % Correct
3 SE Asia Bangkok
88%
4 E Asia Beijing
88%
7 Philippines Cebu City
88%
18 SE Asia Ha Noi
88%
21 E Asia Hong Kong
88%
25 SE Asia Jakarta
88%
35 Americas Los Angeles
88%
38 Oceania Melbourne
88%
51 E Asia Seoul
88%
52 E Asia Shanghai
88%
54 SE Asia Singapore
88%
55 Oceania Sydney
88%
57 E Asia Tokyo
88%
5 Oceania Brisbane
75%
20 SE Asia Ho Chi Minh City
75%
42 Americas New York City
75%
43 E Asia Osaka
75%
44 Oceania Perth
75%
1 MENA Abu Dhabi
63%
6 E Asia Busan
63%
12 Philippines Davao City
63%
13 SE Asia Denpasar
63%
15 MENA Dubai
63%
17 E Asia Guangzhou
63%
32 SE Asia Kuala Lumpur
63%
46 Oceania Port Moresby
63%
49 Americas San Francisco
63%
56 E Asia Taipei
63%
14 MENA Doha
50%
36 E Asia Macau
50%
2 SE Asia Bandar Seri Begawan
38%
40 E Asia Nagoya
38%
45 SE Asia Phnom Penh
38%
47 Philippines Puerto Princesa
38%
48 MENA Riyadh
38%
58 Americas Toronto
38%
59 Americas Vancouver
38%
60 E Asia Xiamen
38%
8 E Asia Chengdu
25%
9 SE Asia Da Nang
25%
22 Oceania Honolulu
25%
23 Philippines Iloilo
25%
26 MENA Jeddah
25%
31 SE Asia Kota Kinabalu
25%
33 MENA Kuwait City
25%
50 Americas Seattle
25%
53 E Asia Shenzhen
25%
11 MENA Dammam
13%
16 E Asia Fukuoka
13%
19 Oceania Hagatna
13%
24 Europe Istanbul
13%
28 Philippines Kalibo
13%
29 E Asia Kaohsiung
13%
30 Oceania Koror
13%
39 MENA Muscat
13%
10 E Asia Daejeon
0%
27 E Asia Jinjiang
0%
34 Philippines Laoag
0%
37 MENA Manama
0%
41 E Asia Nanning
0%
61 E Asia Zhangjiajie
0%
No matching quizzes found
Score Distribution
Percent of People with Each Score
Percentile by Number Answered
Your Score History
You have not taken this quiz